[Event "SVK-ch U16 Girls"]
[Site "Stara Lubovna"]
[Date "2014.04.08"]
[Round "4"]
[White "Putorakova, Viktoria"]
[Black "Poliakova, Emma"]
[Result "0-1"]
[WhiteElo "1273"]
[BlackElo "1695"]
[PlyCount "76"]
[EventDate "2014.04.05"]
[EventType "tourn"]
[EventRounds "7"]
[EventCountry "SVK"]
[SourceTitle "EXT 2016"]
[Source "ChessBase"]
[SourceDate "2015.10.08"]
[SourceVersion "1"]
[SourceVersionDate "2015.10.08"]
[SourceQuality "1"]

1. e4 c5 2. Nf3 Nc6 3. d4 cxd4 4. Nxd4 Nf6 5. Nc3 e5 6. Ndb5 d6 7. Bg5 a6 8. Na3 b5 9. Bxf6 gxf6 10. Nd5 Bg7 11. c3 f5 12. Bd3 fxe4 13. Bxe4 Rb8 14. 0-0 0-0 15. Ne3 Ne7 16. Kh1 Kh8 17. g4 Ng6 18. Nf5 Bxf5 19. gxf5 Nf4 20. Rg1 d5 21. Bb1 Qb6 22. Qc2 Bf6 23. Qd2 Rg8 24. Bd3 Nh3 25. Rg2 Rxg2 26. Kxg2 Bg5 27. Qc2 Nf4+ 28. Kf1 e4 29. Be2 Bh4 30. Bg4 Rg8 31. h3 h5 32. Qd2 Bg5 33. h4 Bh6 34. Bd1 Rg1+ 35. Kxg1 Nh3+ 36. Kh2 Bxd2 37. Kxh3 Qxf2 38. Bxh5 Bf4 0-1

[Event "SVK-ch U16 Girls"]
[Site "Lubovna"]
[Date "2013.04.08"]
[Round "3"]
[White "Putorakova, Viktoria"]
[Black "Loncova, Jana"]
[Result "0-1"]
[WhiteElo "1261"]
[BlackElo "1020"]
[PlyCount "62"]
[EventDate "2013.04.06"]
[EventType "tourn"]
[EventRounds "7"]
[EventCountry "SVK"]
[SourceTitle "CBM 153 Extra"]
[Source "ChessBase"]
[SourceDate "2013.04.22"]
[SourceVersion "1"]
[SourceVersionDate "2013.04.22"]
[SourceQuality "1"]

1. e4 e5 2. f4 Nc6 3. Nf3 exf4 4. d4 Qe7 5. Nc3 g5 6. h3 d6 7. Bd3 h6 8. e5 dxe5 9. d5 Nd4 10. 0-0 Nxf3+ 11. Qxf3 Qd6 12. g3 Bxh3 13. Rf2 Nf6 14. Ne4 Nxe4 15. Bxe4 0-0-0 16. g4 Qb4 17. Bf5+ Kb8 18. Bd2 Qxb2 19. Bc3 Qa3 20. Rd2 Bb4 21. Rd3 Rhe8 22. Bxb4 Qxb4 23. Qxh3 e4 24. Rdd1 Re5 25. Qxh6 a6 26. Qxg5 Rexd5 27. Rxd5 Rxd5 28. Qg8+ Ka7 29. Qg7 Rd2 30. Qe5 Qb6+ 31. Kh1 Qf2 0-1